Редкие и радиоактивные элементы в железных рудах Западно-Сибирского железорудного пояса на примере Бакчарского узла (Томская область); Радиоактивность и радиоактивные элементы в среде обитания человека

Dades bibliogràfiques
Parent link:Радиоактивность и радиоактивные элементы в среде обитания человека.— 2013.— [С. 256-261]
Autor principal: Карепина К. В.
Autor corporatiu: Национальный исследовательский Томский политехнический университет (ТПУ) Институт природных ресурсов (ИПР) Кафедра геоэкологии и геохимии (ГЭГХ)
Altres autors: Домаренко В. А. Виктор Алексеевич, Рихванов Л. П. Леонид Петрович
Sumari:Заглавие с титульного листа
The presence of rare-earth and radioactive elements in the form of native minerals inclusion in the iron minerals that can influence significantly on the dressing and processing technology of iron ore of Bakchar unit is observed in the article. The presence of relatively elevated concentrations of radioactive elements and native minerals make it possible to discover their elevated concentrations in conditions favourable for uranium concentration. That requires further research
Idioma:rus
Publicat: 2013
Matèries:
Accés en línia:http://www.lib.tpu.ru/fulltext/c/2013/C33/065.pdf
Format: MixedMaterials Electrònic Capítol de llibre
KOHA link:https://koha.lib.tpu.ru/cgi-bin/koha/opac-detail.pl?biblionumber=242390

MARC

LEADER 00000naa2a2200000 4500
001 242390
005 20251210111232.0
035 |a (RuTPU)RU\TPU\book\263704 
035 |a RU\TPU\book\263702 
090 |a 242390 
100 |a 20130830d2013 k||y0rusy50 ca 
101 0 |a rus 
102 |a RU 
135 |a drnn ---uucaa 
181 0 |a i  
182 0 |a b 
200 1 |a Редкие и радиоактивные элементы в железных рудах Западно-Сибирского железорудного пояса на примере Бакчарского узла (Томская область)  |d Rare and radioactive elements in the iron ores of West-Si berian ironore zone by the example of Bakchar unit (Tomsk region)  |f К. В. Карепина, В. А. Домаренко, Л. П. Рихванов 
203 |a Текст  |c электронный 
215 |a 1 файл (911 Кб) 
300 |a Заглавие с титульного листа 
320 |a [Библиогр.: с. 261 (4 назв.)] 
330 |a The presence of rare-earth and radioactive elements in the form of native minerals inclusion in the iron minerals that can influence significantly on the dressing and processing technology of iron ore of Bakchar unit is observed in the article. The presence of relatively elevated concentrations of radioactive elements and native minerals make it possible to discover their elevated concentrations in conditions favourable for uranium concentration. That requires further research 
337 |a Adobe Reader 
463 1 |0 (RuTPU)RU\TPU\book\263484  |t Радиоактивность и радиоактивные элементы в среде обитания человека  |o материалы IV Международной конференции, 4-8 июня 2013 г., г. Томск  |f Национальный исследовательский Томский политехнический университет (ТПУ) ; Российская академия наук (РАН), Сибирское отделение (СО), Институт геологии и минералогии ; Зарубежгеология, Открытое Акционерное Общество ; Российское геологическое общество (РосГео), Томское региональное отделение (ТРО) ; Волковгеология ; Казатомпром ; под ред. Л. П. Рихванова  |v [С. 256-261]  |d 2013 
510 1 |a Rare and radioactive elements in the iron ores of West-Si berian ironore zone by the example of Bakchar unit (Tomsk region)  |z eng 
610 1 |a труды учёных ТПУ 
610 1 |a электронный ресурс 
610 1 |a редкие элементы 
610 1 |a радиоактивные элементы 
610 1 |a железная руда 
610 1 |a Западно-Сибирский железорудный пояс 
610 1 |a Бакчарское месторождение 
700 1 |a Карепина  |b К. В. 
701 1 |a Домаренко  |b В. А.  |c геолог  |c доцент Томского политехнического университета, кандидат геолого-минералогических наук  |f 1947-  |g Виктор Алексеевич  |3 (RuTPU)RU\TPU\pers\26058 
701 1 |a Рихванов  |b Л. П.  |c российский ученый, геолог  |c профессор Томского политехнического университета, доктор геолого-минералогических наук  |c заслуженный геолог РФ  |c почетный работник высшего образования РФ  |f 1945-  |g Леонид Петрович  |3 (RuTPU)RU\TPU\pers\23187 
712 0 2 |a Национальный исследовательский Томский политехнический университет (ТПУ)  |b Институт природных ресурсов (ИПР)  |b Кафедра геоэкологии и геохимии (ГЭГХ)  |3 (RuTPU)RU\TPU\col\18658 
801 1 |a RU  |b 63413507  |c 20130116 
801 2 |a RU  |b 63413507  |c 20130902  |g RCR 
856 4 |u http://www.lib.tpu.ru/fulltext/c/2013/C33/065.pdf 
942 |c CF